000 00271nam a2200121 i 4500
001 bg
245 0 _aPodstawy przetwórstwa tworzyw sztucznych.
260 _aKraków,
_c1985.
040 _cBPK
041 _apol
942 _cKS
008 s pl f |000 0 pol
999 _c2603
_d2603
856 _uhttp://koha.tu.koszalin.pl/cgi-bin/koha/opac-detail.pl?biblionumber=2603
_yKatalog online BPK